Normal view
MARC view
- Sami Ullah
Entry Personal Name
001 - CONTROL NUMBER
- control field: 100084
003 - CONTROL NUMBER IDENTIFIER
- control field: NUST
005 - DATE AND TIME OF LATEST TRANSACTION
- control field: 20221013094730.0
008 - FIXED-LENGTH DATA ELEMENTS
- fixed length control field: 221013|| aca||aabn | a|a d
040 ## - CATALOGING SOURCE
- Original cataloging agency: NUST
- Transcribing agency: NUST
100 ## - HEADING--PERSONAL NAME
- Personal name: Sami Ullah
670 ## - SOURCE DATA FOUND
- Source citation: Work cat.: (NUST)9276: Sami Ullah., Medical store's sales and inventory control system , 2003.
